|
|
|
|
| LEADER |
01335nam a2200277 a 4500 |
| 001 |
31086 |
| 003 |
BD-DhAAL |
| 005 |
20230322121706.0 |
| 008 |
160428s2013 ii ||||| |||| 00| 0 eng d |
| 020 |
|
|
|a 9789350352403
|
| 040 |
|
|
|a BD-DhAAL
|b BD-DhAAL
|
| 082 |
|
|
|2 23
|a 347.0954
|
| 100 |
|
|
|a Hargopal
|9 19350
|
| 245 |
|
|
|a Legal draftsman, vol 1 :
|b a comprehensive guide to deeds and documents /
|c Hargopal
|
| 250 |
|
|
|a Thirteenth edition
|
| 260 |
|
|
|a New Delhi :
|b Universal Law Publishing Co.,
|c 2013
|
| 300 |
|
|
|a lxviii, 1502 pages :
|c 24 cm.
|
| 526 |
|
|
|a SOL
|
| 650 |
|
|
|a Forms (Law)
|z India.
|9 19487
|
| 650 |
|
|
|a Law.
|9 43129
|
| 852 |
|
|
|a Ayesha Abed Library
|c General Stacks
|
| 942 |
|
|
|2 ddc
|c BK
|
| 999 |
|
|
|c 37425
|d 37425
|
| 952 |
|
|
|0 0
|1 0
|2 ddc
|4 0
|6 347_095400000000000_HAR
|7 0
|9 59046
|a BRACUL
|b BRACUL
|c GEN
|d 2016-05-25
|e Hye Trade International
|g 2875.00
|l 1
|m 16
|o 347.0954 HAR
|p 3010031118
|r 2018-04-25
|s 2018-01-14
|t 2
|w 2016-05-25
|y BK
|
| 952 |
|
|
|0 0
|1 0
|2 ddc
|4 0
|6 347_095400000000000_HAR
|7 0
|9 59047
|a BRACUL
|b BRACUL
|c GEN
|d 2016-05-25
|e Hye Trade International
|g 2875.00
|l 2
|m 21
|o 347.0954 HAR
|p 3010031119
|r 2018-03-25
|s 2018-02-03
|t 3
|w 2016-05-25
|y BK
|
| 952 |
|
|
|0 0
|1 0
|2 ddc
|4 0
|6 347_095400000000000_HAR
|7 0
|9 59094
|a BRACUL
|b BRACUL
|c GEN
|d 2016-05-30
|e Hye Trade International
|g 2875.00
|l 2
|m 38
|o 347.0954 HAR
|p 3010031085
|r 2019-04-11
|s 2019-02-13
|t 1
|w 2016-05-30
|y BK
|